00325nam a2200133Ia 4500008004100000100002800041245003100069250001200100260002500112300000800137650002400145942000700169999001500176190216s9999||||xx |||||||||||||| ||und|| aChandrashekhar Vekhande 0aModern Inorganic Chemistry a1st Ed. bOrient Longmanc1975 a630 aChemistry-Chemistry cBK c2064d2064